<?xml version="1.0" encoding="UTF-8"?>
<collection xmlns="http://www.loc.gov/MARC21/slim">
 <record>
  <leader>01886nam a2200217Ia 4500</leader>
  <controlfield tag="001">CTU_91745</controlfield>
  <controlfield tag="008">210402s9999    xx            000 0 und d</controlfield>
  <datafield tag="020" ind1=" " ind2=" ">
   <subfield code="c">34000</subfield>
  </datafield>
  <datafield tag="082" ind1=" " ind2=" ">
   <subfield code="a">872.91064</subfield>
  </datafield>
  <datafield tag="082" ind1=" " ind2=" ">
   <subfield code="b">G216</subfield>
  </datafield>
  <datafield tag="100" ind1=" " ind2=" ">
   <subfield code="a">Garcia, Fernando D.</subfield>
  </datafield>
  <datafield tag="245" ind1=" " ind2="0">
   <subfield code="a">Huyền thoại Che: Bản lĩnh, tính cách, tình yêu và sự bất tử</subfield>
  </datafield>
  <datafield tag="245" ind1=" " ind2="0">
   <subfield code="c">Fernando D. Garcia, Óscar sola</subfield>
  </datafield>
  <datafield tag="260" ind1=" " ind2=" ">
   <subfield code="a">Tp. Hồ Chí Minh</subfield>
  </datafield>
  <datafield tag="260" ind1=" " ind2=" ">
   <subfield code="b">Trẻ</subfield>
  </datafield>
  <datafield tag="260" ind1=" " ind2=" ">
   <subfield code="c">2005</subfield>
  </datafield>
  <datafield tag="520" ind1=" " ind2=" ">
   <subfield code="a">Quyển Huyền Thoại Che: Bản Lĩnh - Tính Cách - Tình Yêu Và Sự Bất Hủ với hơn 400 ảnh minh họa, trong đó nhiều ảnh mới lần đầu được công bố - trình bày xuyên suốt cuộc đời của Che từ lúc ấu thơ cho đến lúc tham gia đấu tranh cách mạng, và cuối cùng hy sinh ở Bolivia. Các bạn sẽ tìm thấy trong sách này những bài văn của Che, bao gồm các trích đoạn hồi ký và phát biểu của Che, cùng những trích dẫn văn học viết về Che của Fidel Castro, nhà thơ Mỹ Allen Ginsberg và những người khác. Tất cả nội dung được trình bày ở đây là kết quả từ công trình nghiên cứu tỉ mỉ và đầy đủ nhất của các tác giả trong các văn khố lưu trữ, của Chính phủ và của cá nhân, ở Cuba, Achentina, Bolivia, châu Âu và các quốc gia thuộc Bắc Mỹ. Chương cuối cùng được dành để đề cập đến những huyền thoại về Che kể từ khi anh qua đời cho đến hiện nay.</subfield>
  </datafield>
  <datafield tag="650" ind1=" " ind2=" ">
   <subfield code="a">Che Guevara,History</subfield>
  </datafield>
  <datafield tag="650" ind1=" " ind2=" ">
   <subfield code="z">Cuba</subfield>
  </datafield>
  <datafield tag="904" ind1=" " ind2=" ">
   <subfield code="i">Năm</subfield>
  </datafield>
  <datafield tag="980" ind1=" " ind2=" ">
   <subfield code="a">Trung tâm Học liệu Trường Đại học Cần Thơ</subfield>
  </datafield>
 </record>
</collection>
